| LEADER 00000nam 2200000uu 4500 |
| 008 140103s2011||||th 000 0 tha d |
| 041 0 ^aeng^btha
|
| 060 4 ^aThe WX150 C564h 2011
|
| 100 0 Chuthamas Songpaidech
|
| 245 10 Health service provision at sub-district health promotionhospitals /^cChuthamas Songpaidech
|
| 246 00 การให้บริการสุขภาพที่โรงพยาบาลส่งเสริมสุขภาพตำบล
|
| 260 ^aKhon Kaen : ^bKhon Kaen University,^c2011.
|
| 300 v, 67p.
|
| 502 Thesis (M.Pharm.)--Clinical Pharmacy. Graduate School.Khon Kaen University, 2011
|
| 650 4 Health promotion
|
| 650 4 Health services
|
| 650 4 Health promotion services
|
| 650 4 Delivery of health care
|
| 650 0 ^aThesis
|
| 700 1 จุฑามาศ ทรงภัยเดช
|
| 710 2 Khon Kaen University.^bGraduate School.^bClinical Pharmacy
|
| 999 ^aใช้งานได้ทุกระบบ
|